It looks like you're offline.
Open Library logo
additional options menu

MARC record from Internet Archive

LEADER: 01286cam 2200337Mi 4500
001 ocn893804963
003 OCoLC
005 20220513002410.0
008 130318s2013 fr a 000 0 fre
040 $aBDF$bfre$encafnor$cBDF$dVP@$dOCLCQ$dCHBCC
016 7 $aFRBNF434854670000003$2FrPBN
020 $a9782364801059$q(cart)
020 $a2364801052$q(cart)
035 $a(OCoLC)893804963
100 1 $aBrown, Jeffrey,$d1975- ...$4aut$0(FrPBN)15042441$0(isni)0000000115747906
245 10 $aDark Vador et la petite princesse /$cJeffrey Brown.
260 $aParis :$bHuginn & Muninn,$c2013.
300 $a1 vol. :$billustrations en noir et blanc ;$c17 x 17 cm.
336 $atexte$btxt$2rdacontent/fre
337 $asans médiation$bn$2rdamedia/fre
490 0 $aStar Wars
500 $aTraduit de l'anglais.
655 7 $aBandes dessinées.$2ram
773 18 $tStar wars$w(FrPBN)36946865
856 42 $3Notice et cote du catalogue de la Bibliothèque nationale de France$uhttp://catalogue.bnf.fr/ark:/12148/cb43485467t
886 1 $2intermrc$a009$ba-nd---------------
886 2 $2intermrc$a917$b--$oALS$a1829914
886 2 $2intermrc$a919$b--$pFR$oELECTRE$aELC1649080
029 0 $aBDF$bFRBNF434854670000003
994 $aZ0$bP4A
948 $hNO HOLDINGS IN P4A - 4 OTHER HOLDINGS